An introduction to the theory of elasticity for engineers and physicists, (Record no. 544297)
[ view plain ]
| 000 -LEADER | |
|---|---|
| fixed length control field | 00750cam a2200217 4500 |
| 082 ## - DEWEY DECIMAL CLASSIFICATION NUMBER | |
| Classification number | 531.38 |
| Author Mark | SOU |
| -- | L-5, P-38 |
| 100 1# - MAIN ENTRY--PERSONAL NAME | |
| Personal name | Southwell, R. V. |
| 9 (RLIN) | 39095 |
| 245 13 - TITLE STATEMENT | |
| Title | An introduction to the theory of elasticity for engineers and physicists, |
| Statement of responsibility, etc. | by R.V. Southwell. |
| 250 ## - EDITION STATEMENT | |
| Edition statement | 2d ed. |
| 260 ## - PUBLICATION, DISTRIBUTION, ETC. | |
| Place of publication, distribution, etc. | [London, |
| -- | New York] |
| Name of publisher, distributor, etc. | Oxford University Press, |
| Date of publication, distribution, etc. | 1941. |
| 300 ## - PHYSICAL DESCRIPTION | |
| Extent | vi, 509 p. |
| Other physical details | 2 pl., diagrs. |
| Dimensions | 24 cm. |
| 490 1# - SERIES STATEMENT | |
| Series statement | The Oxford engineering science series |
| 500 ## - GENERAL NOTE | |
| General note | Includes indexes. |
| 500 ## - GENERAL NOTE | |
| General note | Issued with various printing dates. |
| 526 ## - STUDY PROGRAM INFORMATION NOTE | |
| Program name | 0 |
| Interest level | 0 |
| Reading level | 0 |
| Title point value | 531_380000000000000_SOU |
| 650 #0 - SUBJECT ADDED ENTRY--TOPICAL TERM | |
| Topical term or geographic name entry element | Elasticity. |
| 9 (RLIN) | 10835 |
| 650 #0 - SUBJECT ADDED ENTRY--TOPICAL TERM | |
| Topical term or geographic name entry element | MCE |
| 9 (RLIN) | 379 |
| 650 #0 - SUBJECT ADDED ENTRY--TOPICAL TERM | |
| Topical term or geographic name entry element | Mechanics, Applied. |
| 9 (RLIN) | 13090 |
| 650 #0 - SUBJECT ADDED ENTRY--TOPICAL TERM | |
| Topical term or geographic name entry element | Strains and stresses. |
| 9 (RLIN) | 28238 |
| 942 ## - ADDED ENTRY ELEMENTS (KOHA) | |
| Source of classification or shelving scheme | |
| Koha item type | Book |
| Withdrawn status | Lost status | Source of classification or shelving scheme | Damaged status | Not for loan | Permanent Location | Current Location | Date acquired | Total Checkouts | Full call number | Barcode | Date last seen | Price effective from | Koha item type |
|---|---|---|---|---|---|---|---|---|---|---|---|---|---|
| Military College of Engineering (MCE) | Military College of Engineering (MCE) | 04/16/2014 | 531.38 SOU | MCE-30385 | 04/16/2014 | 04/16/2014 | Book |
